Compañía Madrileña de Urbanización (Record no. 122274)

MARC details
000 -LEADER
campo de control de longitud fija 00634nam a2200169 i 4500
001 - NÚMERO DE CONTROL
campo de control 122274
003 - IDENTIFICADOR DE NÚMERO DE CONTROL
campo de control ES-MaACL
005 - FECHA Y HORA DE LA ÚLTIMA TRANSACCIÓN
campo de control 20230906191937.0
007 - CAMPO FIJO DE DESCRIPCIÓN FÍSICA--INFORMACIÓN GENERAL
campo de control de longitud fija t|
008 - DATOS DE LONGITUD FIJA--INFORMACIÓN GENERAL
campo de control de longitud fija 050825s1904 sp ||||1| spa d
110 2# - ENTRADA PRINCIPAL--NOMBRE DE ENTIDAD CORPORATIVA
Nombre de entidad corporativa o nombre de jurisdicción como elemento de entrada Compañía Madrileña de Urbanización.
9 (RLIN) 3121
245 10 - MENCIÓN DEL TÍTULO
Título Compañía Madrileña de Urbanización
Resto del título : décimo ejercicio social desde 1º de enero a 31 diciembre de 1903: memoria.
260 ## - PUBLICACIÓN, DISTRIBUCIÓN, ETC.
Lugar de publicación, distribución, etc. [Madrid :
Nombre del editor, distribuidor, etc. s.n.],
Fecha de publicación, distribución, etc. 1904 (
Fabricante Impr. de la Compañía Madrileña de Urbanización)
300 ## - DESCRIPCIÓN FÍSICA
Extensión 64 p. ;
Dimensiones 22 cm.
610 24 - PUNTO DE ACCESO ADICIONAL DE MATERIA--NOMBRE DE ENTIDAD CORPORATIVA
Nombre de entidad corporativa o nombre de jurisdicción como elemento de entrada Compañía Madrileña de Urbanización-
Subdivisión de forma Memorias.
9 (RLIN) 151812
852 ## - LOCALIZACIÓN
Ubicación ES-MaACL
Número de control de estantería T-1036-F-6
Holdings
Estatus retirado Estado de pérdida Estado de daño No para préstamo Colección Biblioteca de origen Biblioteca actual Ubicación en estantería Fecha de adquisición Fuente de adquisición Total de préstamos Signatura topográfica completa Código de barras Visto por última vez Precio de reemplazo Tipo de ítem Koha
        Colección de folletos Biblioteca del Ateneo de Madrid Biblioteca del Ateneo de Madrid Depósito folletos 17/01/2008     T-1036-F-6 1127417 23/02/2023 23/02/2023 Folleto